| 000 | 00434nam a22001457a 4500 | ||
|---|---|---|---|
| 008 | 250226b ||||| |||| 00| 0 eng d | ||
| 020 | _a9789914991550 | ||
| 050 |
_aHD57.7 _b.M83 2022 |
||
| 100 | _aMwachiro, Michael | ||
| 245 |
_aReflections on your mentorship: _binspiring the next generation |
||
| 260 |
_aNairobi, Kenya _bZionPearl Publishers _c2022 |
||
| 300 |
_aviii, 150p.; _c21cm |
||
| 650 | _aLeadership | ||
| 942 |
_2lcc _cBK |
||
| 999 |
_c59663 _d59663 |
||